000 00474nam a2200157 4500
999 _c12348
_d12348
008 210128b ||||| |||| 00| 0 eng d
041 _ahin
082 0 0 _a891.43
_bB2149
100 _93465
_aBandyopadhaya, Tarasankar
245 1 0 _aVasant rag /
_cby Tarasankar Bandyopadhaya
245 1 0 _aवसंत राग /
_cतारशंकर बंद्योपाध्याय
260 _a[s.l.]
_b[s.n.]
_c?
300 _a.
650 0 _aHindi fiction
942 _2ddc
_cBK